000 00326 a2200157 4500
001 156188
040 _cEscola São Tomás de Aquino
100 _aPAES, José Paulo
240 1 0 _aPoesias
_lpor
245 1 0 _aPoesias
300 _a61
362 0 _a2017
440 1 _aÁtica
697 _a*LITERATURA JUVENIL
942 _cBK
999 _c156188
_d156188